Review of the Building (Scotland) Regulations 2004 Section 2 (Record no. 108768)

MARC details
000 -LEADER
fixed length control field 00629cad a22002055a 4500
001 - CONTROL NUMBER
control field E145359
008 - FIXED-LENGTH DATA ELEMENTS--GENERAL INFORMATION
fixed length control field 081001e20080725stk f 000 0 eng |
035 ## - SYSTEM CONTROL NUMBER
System control number (Sirsi) u145359
041 0# - LANGUAGE CODE
Language code of text/sound track or separate title eng
110 2# - MAIN ENTRY--CORPORATE NAME
Corporate name or jurisdiction name as entry element Royal Institution of Chartered Surveyors
Subordinate unit Scotland
9 (RLIN) 3082
245 00 - TITLE STATEMENT
Title Review of the Building (Scotland) Regulations 2004 Section 2
Remainder of title fire
260 ## - PUBLICATION, DISTRIBUTION, ETC.
Place of publication, distribution, etc. Edinburgh
Name of publisher, distributor, etc. RICS Scotland
Date of publication, distribution, etc. 2008
300 ## - PHYSICAL DESCRIPTION
Extent [10]p.
Dimensions 30cm.
490 ## - SERIES STATEMENT
Series statement PPU/REPORT
Volume/sequential designation (08)11
520 ## - SUMMARY, ETC.
Summary, etc. Response to Scottish Building Standards.
590 ## - LOCAL NOTE (RLIN)
Local note KA
651 #4 - SUBJECT ADDED ENTRY--GEOGRAPHIC NAME
Geographic name Scotland
Chronological subdivision 1999-
690 ## - LOCAL SUBJECT ADDED ENTRY--TOPICAL TERM (OCLC, RLIN)
Topical term or geographic name as entry element BUILT ENVIRONMENT-BUILDING STANDARDS
942 ## - ADDED ENTRY ELEMENTS (KOHA)
Suppress in OPAC 0
Holdings
Withdrawn status Lost status Source of classification or shelving scheme Damaged status Not for loan Home library Current library Shelving location Date acquired Total Checkouts Full call number Barcode Date last seen Copy number Price effective from Koha item type
    Dewey Decimal Classification     Virtual Virtual Online 01/10/2008   ENQ DESK 50013811 06/08/2019 1 06/08/2019 Book